Normal view
MARC view
- Faisal Ishtiaq
Entry Personal Name
001 - CONTROL NUMBER
- control field: 70441
003 - CONTROL NUMBER IDENTIFIER
- control field: NUST
005 - DATE AND TIME OF LATEST TRANSACTION
- control field: 20210628204450.0
008 - FIXED-LENGTH DATA ELEMENTS
- fixed length control field: 210628|| aca||aabn | a|a d
040 ## - CATALOGING SOURCE
- Original cataloging agency: NUST
- Transcribing agency: NUST
100 ## - HEADING--PERSONAL NAME
- Personal name: Faisal Ishtiaq
670 ## - SOURCE DATA FOUND
- Source citation: Work cat.: (NUST): Faisal Ishtiaq, TH-SOF-1476-Growth of Gallium Nitride Using Molecular Beam Epitaxy, 2017
